Najpopularniejsze narkotyki i dopalacze - Statystyki

Ogólne statystyki
  • Ten quiz został rozwiązany 915 razy
  • Średni wynik to 9 z 40
Statystyki odpowiedzi
Nazwa substancji Rodzaj % Poprawnych
Kokaina Stymulant
87%
Amfetamina Stymulant
80%
Mefedron (i pochodne) Stymulant
73%
Heroina Opioid
67%
LSD Psychodelik
67%
Fentanyl Opioid
52%
Mdma Stymulant
50%
Morfina Opioid
50%
Metamfetamina Stymulant
45%
Kodeina Opioid
44%
Grzyby halucynogenne (psylocybina) Psychodelik
40%
Ketamina Psychodelik
19%
DMT Psychodelik
17%
Alprazolam Benzodiazepina
14%
Oksykodon Opioid
14%
Diazepam Benzodiazepina
11%
Klonazepam Benzodiazepina
11%
Tramadol Opioid
11%
2-cb (i pochodne) Psychodelik
10%
Metadon Opioid
9%
DXM Psychodelik
8%
Lorazepam Benzodiazepina
8%
Alfa-PVP Stymulant
7%
GHB Inny depresant
7%
Efedryna (i pseudoefedryna) Stymulant
5%
Meskalina Psychodelik
5%
Midazolam Benzodiazepina
5%
Prometazyna Opioid
5%
Bromazepam Benzodiazepina
4%
Fencyklidyna Psychodelik
4%
GBL Inny depresant
4%
Benzydamina Psychodelik
3%
Metkatynon Stymulant
3%
Metylofenidat Stymulant
3%
Pregabalina Inny lek psychotropowy
3%
Zolpidem (i reszta z-drugs) Inny lek psychotropowy
3%
Buprenorfina Opioid
2%
Heksedron Stymulant
2%
Oksazolam Benzodiazepina
2%
MDPV Stymulant
1%
Nie znaleziono quizów pasujących do podanych kryteriów
Rozkład punktacji
Procent ludzi z każdym wynikiem
Percentyl według liczby udzielonych odpowiedzi
Twoja historia wyników
Nie rozwiązałeś tego quizu